000 00382nam a2200169Ia 4500
008 221030s9999 xx 000 0 und d
020 _a0070435555
041 _aEnglish
082 _a105.23
_bBow
100 _aD. J. Bowersox
245 0 _aLogistical Management
260 _bTMH
_aNew Delhi
_c2003
300 _a730
650 _aManagement
700 _aD. J Closs
942 _cBK
999 _c673
_d673